000
00344nam a2200145Ia 4500
999
_c
5895
_d
5895
003
OSt
008
191201s2014 xx 000 0 und d
100
_a
KOHLI, DD
245
0
_a
Text Book of Estimating and Costing
250
_a
Rep
260
_a
N. delhi
_b
S Chand and Co. Ltd.
_c
2014
300
_a
495
650
_a
B.Tech(CE)
942
_2
ddc
_c
BK